Statistics for New Brunswick Cities Map Quiz

Click here to take the quiz!

General Stats

  • This quiz has been taken 482 times
  • The average score is 6 of 10

Answers on the Map

Answers color-coded by a green-red scale on the quiz's map according to % correct below.
 

Answer Stats

Answer% Correct
Moncton
77%
Fredericton
75%
Saint John
74%
Edmunston
67%
Bathurst
61%
Sackville
58%
Miramichi
56%
Dalhousie
51%
Oromocto
51%
Quispamsis
50%

Score Distribution

Percentile by Number Answered

Percent of People with Each Score

Your Score History

You have not taken this quiz